| 000 | 00722 a2200229 4500 | ||
|---|---|---|---|
| 502 | _aThèse d'exercice | ||
| 653 | 1 | _aSciences agronomiques | |
| 100 | _aAliou, Mohamed Daouda | ||
| 300 | _aXVI-107 p. | ||
| 245 | _aContribution à l'étude écoéthologique du francolin (francolinus bicalcaratus l) en milieu naturel et son utilisation dans l'alimentation humaine | ||
| 650 | _aGALLIFORME | ||
| 650 | _aOISEAU NUISIBLE | ||
| 650 | _aLUTTE ANTI OISEAU | ||
| 650 | _aALIMENTATION HUMAINE | ||
| 130 | _lFr | ||
| 710 | _aAbomey-Calavi, Université nationale du Bénin, Faculté des Sciences Agronomiques, BJ | ||
| 041 | _bFr | ||
| 041 | _bEn | ||
| 653 | 1 | _aProduction animale | |
| 651 | _aBENIN | ||
| 999 |
_c31103 _d31103 |
||